[Event "Dhaka Rating op"]
[Site "Dhaka"]
[Date "2019.05.24"]
[Round "3"]
[White "Md Gisham Rahman, Maleq"]
[Black "Chowdhury, Sohel"]
[Result "0-1"]
[WhiteElo "1921"]
[BlackElo "2044"]
[PlyCount "58"]
[EventDate "2019.05.23"]
[EventType "swiss"]
[EventRounds "8"]
[EventCountry "BAN"]
[SourceTitle "EXT 2020"]
[Source "ChessBase"]
[SourceDate "2019.10.17"]
[SourceVersion "1"]
[SourceVersionDate "2019.10.17"]
[SourceQuality "1"]

1. c4 c6 2. Nf3 d5 3. b3 Bg4 4. Ne5 Bf5 5. f4 Nf6 6. d3 e6 7. Bb2 Nbd7 8. h3 Nxe5 9. fxe5 Nd7 10. h4 Qc7 11. e4 dxe4 12. g4 Bb4+ 13. Kf2 0-0-0 14. gxf5 Nxe5 15. d4 exf5 16. Rh3 h5 17. a3 Be7 18. Qe1 Bxh4+ 19. Rxh4 Nf3 20. Qe3 Nxh4 21. Ke1 Nf3+ 22. Kd1 Nxd4 23. Kc1 Qd6 24. Bh3 g6 25. Nd2 Nxb3+ 26. Qxb3 Qxd2+ 27. Kb1 Rhe8 28. Bf1 e3 29. Bc1 e2 0-1